000 01188nam a22002177a 4500
999 _c62591
_d62591
005 20241212153810.0
008 241212s2023 ru ||||| |||| 00| 0 rus d
020 _a9786094222085x
041 _arus
080 _a502.3/7 : 504.5 П- 64
100 _aПотемкин, Александр
_923965
245 _aЭкология потребления:
_bнеобходимость перехода Homo sapiens на новый этап развития : Монография /
_cАлександр Потемкин, Бесарион Месхи, Гиорги Квеситадзе ; Под редакцией Т.А. Садунишвили, Р.А. Хуродзе.
264 _aМариамполе, Литва :
_b издательствo „Пикo вaлaндa",
_c2023.
300 _a204 стр.;
_b30 см.
521 _aБиблиогр. 196-203
700 _aМесхи, Бесарион
_eავტორი
_923966
700 _aКвеситадзе, Гиорги
_eავტორი
_923967
700 _aСадунишвили, Т.А
_eრედაქტორი
_923968
700 _aХуродзе, Р.А.
_eრედაქტორი
_923969
942 _2udc
_cᲬᲘᲒᲜᲘ